Science of renewable energy (Record no. 16)

000 -LEADER
fixed length control field 00558nam a2200217 a 4500
001 - CONTROL NUMBER
control field 16
003 - CONTROL NUMBER IDENTIFIER
control field BD-DhUET
008 - FIXED-LENGTH DATA ELEMENTS--GENERAL INFORMATION
fixed length control field 110504s2011 flua b 001 0 eng
020 ## - INTERNATIONAL STANDARD BOOK NUMBER
International Standard Book Number 9781439825020
040 ## - CATALOGING SOURCE
Original cataloging agency DLC
Transcribing agency DLC
Modifying agency BD-DhUET
082 00 - DEWEY DECIMAL CLASSIFICATION NUMBER
Classification number 621.042
Item number SPE/2011
100 1# - MAIN ENTRY--PERSONAL NAME
Personal name Spellman, Frank R.
245 14 - TITLE STATEMENT
Title Science of renewable energy
250 ## - EDITION STATEMENT
Edition statement 1st ed.
260 ## - PUBLICATION, DISTRIBUTION, ETC. (IMPRINT)
Place of publication, distribution, etc. Boca Raton
Name of publisher, distributor, etc. Taylor & Francis
Date of publication, distribution, etc. 2011
300 ## - PHYSICAL DESCRIPTION
Extent xix,317p.
Other physical details ill.
Dimensions 26 cm.
504 ## - BIBLIOGRAPHY, ETC. NOTE
Bibliography, etc Includes bibliographies
650 #0 - SUBJECT ADDED ENTRY--TOPICAL TERM
Topical term or geographic name as entry element Renewable energy
700 ## - ADDED ENTRY--PERSONAL NAME
Personal name Bieber, Revonna
942 ## - ADDED ENTRY ELEMENTS (KOHA)
Koha item type General Book
Holdings
Koha issues (times borrowed) Copy number Date acquired Koha date last borrowed Piece designation (barcode) Lost status Koha date last seen Sublocation or collection (holding branch) Price effective from Koha normalized classification for sorting Withdrawn status Damaged status Not for loan Koha full call number Location (home branch) Koha renewals Koha item type Shelving location Source of classification or shelving scheme
112014-07-132019-06-23111038 2019-07-06Central Library, BUET2014-07-13621_042000000000000_SPE_2011   621.042/SPE/2011Central Library, BUET2General BookCirculation section 
422014-08-252024-12-15111039 2024-12-18Central Library, BUET2014-08-25621_042000000000000_SPE2011   621.042 SPE/2011Central Library, BUET General BookCirculation section